00609 2200229 4500001002100000005001500021035002000036007000300056008004100059020002200100082000800122084001400130100001200144245006100156250001000217260004100227300003600268650002300304520003000327990001100357990001100368INLIS00000000000310320190207095332 a0010-0219000045ta190207 g 0 ind  a978-979-15038-7-7 a297 a297 WAS p0 aWASPADA1 aProfesi Jurnalistik :bPerspektif Hukum Islam /cWaspada acet.4 aMakassar :bPustaka Al-Dzikra,c2017 axviii, 178 hlm :bilus ;c21 cm aISLAM. JURNALISTIK aBibliografi: hlm. 171-178 a6501 a a6501 b